|
|
|
|
| LEADER |
00000nam0a2200000 4500 |
| 001 |
358714 |
| 005 |
20231102011124.0 |
| 035 |
|
|
|a (RuTPU)RU\TPU\retro\15985
|
| 090 |
|
|
|a 358714
|
| 100 |
|
|
|a 20200821d1978 km y0rusy50 ca
|
| 101 |
0 |
|
|a eng
|a rus
|
| 102 |
|
|
|a AM
|
| 105 |
|
|
|a a z 011zb
|
| 200 |
1 |
|
|a Вопросы физики и эволюции космоса
|e сборник статей, в связи с 70-тетием академика В. А. Амбарцумяна
|f Академия наук Армянской ССР ; под ред. Л. В. Мирзояна
|
| 210 |
|
|
|a Ереван
|c Изд-во АН Армянской ССР
|d 1978
|
| 215 |
|
|
|a 444 с.
|c ил.
|
| 320 |
|
|
|a Библиогр. в конце ст.
|
| 600 |
|
1 |
|a Амбарцумян
|b В. А.
|c армянский астрофизик
|c академик и президент АН Армении
|f 1908-1996
|g Виктор Амазаспович
|c академик АН СССР
|2 stltpush
|3 (RuTPU)RU\TPU\pers\21290
|
| 606 |
1 |
|
|a Астрофизика
|2 stltpush
|3 (RuTPU)RU\TPU\subj\29580
|9 52873
|
| 610 |
1 |
|
|a физика
|
| 610 |
1 |
|
|a космос
|
| 610 |
1 |
|
|a космические исследования
|
| 610 |
1 |
|
|a космология
|
| 610 |
1 |
|
|a галактики
|
| 610 |
1 |
|
|a звезды
|
| 610 |
1 |
|
|a звездные атмосферы
|
| 610 |
1 |
|
|a Солнце
|
| 610 |
1 |
|
|a радиоизлучение
|
| 610 |
1 |
|
|a ученые
|
| 610 |
1 |
|
|a персоналии
|
| 675 |
|
|
|a 52:53
|v 4
|
| 702 |
|
1 |
|a Мирзоян
|b Л. В.
|4 340
|
| 712 |
0 |
2 |
|a Академия наук Армянской ССР
|c (Ереван)
|c (1943-1991)
|2 stltpush
|3 (RuTPU)RU\TPU\col\5063
|9 24049
|
| 801 |
|
1 |
|a RU
|b 63413507
|c 20200821
|
| 801 |
|
2 |
|a RU
|b 63413507
|c 20210317
|g RCR
|
| 942 |
|
|
|c BK
|